000 00639nam a2200253Ia 4500
008 170203s9999 xx 000 0 und d
020 _a0-152025057
050 _aFic
050 _bEs79g
100 _aEstes, Eleanor, 1906-
245 _aGinger Pye /
245 _cEleanor Estes ; with illustrations by the author.
260 _aSan Diego :
260 _bHarcourt,
260 _c2000
300 _a306 pages :
300 _billustrations ;
300 _c20 cm
500 _a"An Odyssey/ Harcourt Young Classic."
650 _aBrother and sisters--
650 _aDogs--
650 _xFiction.
650 _xFiction.
999 _c306662
_d306662